| 000 | 01465cam a22003974a 4500 | ||
|---|---|---|---|
| 001 | 15552404 | ||
| 003 | Nust- CAS-E | ||
| 005 | 20180118181407.0 | ||
| 008 | 081211s2009 enka b 001 0 eng | ||
| 010 | _a 2008053366 | ||
| 015 |
_a014-78819 _2bnb |
||
| 015 |
_aGBA-8C375 _2bnb |
||
| 020 | _a0470014598 (hbk. : alk. paper) | ||
| 020 | _a0470014601 (pbk. : alk. paper) | ||
| 020 | _a9780470014592 (hbk. : alk. paper) | ||
| 020 | _a9780470014608 (pbk. : alk. paper) | ||
| 035 | _a(OCoLC)ocn291193458 | ||
| 040 |
_aDLC _cDLC _dYDXCP _dBWKUK _dBWK _dCDX _dZWZ _dGBVCP _dHEBIS _dDEBBG _dSBM _dBDX _dDLC |
||
| 050 | 0 | 0 |
_aQC173.65 _b.F67 2009 |
| 082 | 0 | 0 |
_a530.11 _222 _bFOR-D 2009 |
| 084 |
_aUH 8200 _2rvk |
||
| 100 | 1 |
_aForshaw, J. R. _q(Jeffrey Robert), _d1968- |
|
| 245 | 1 | 0 |
_aDynamics and relativity / _cJeffrey R. Forshaw and A. Gavin Smith. |
| 260 |
_aChichester, UK : _bJohn Wiley & Sons, _c2009. |
||
| 300 |
_axiv, 323 p. : _bill. ; _c26 cm. |
||
| 490 | 1 | _aThe Manchester physics series | |
| 502 | _a0 | ||
| 504 | _aIncludes bibliographical references and index. | ||
| 650 | 0 | _aSpecial relativity (Physics) | |
| 650 | 0 | _aDynamics. | |
| 700 | 1 | _aSmith, A. Gavin. | |
| 830 | 0 | _aManchester physics series. | |
| 906 |
_a7 _bcbc _corignew _d1 _eecip _f20 _gy-gencatlg |
||
| 942 |
_2ddc _cBK |
||
| 999 |
_c355623 _d355623 |
||